Ciudadanía y cristianía: una lectura de nuestro tiempo
Guardat en:
| Autor principal: | |
|---|---|
| Format: | Llibre |
| Idioma: | espanyol |
| Publicat: |
Madrid
Encuentro
2016
|
| Edició: | 1a. ed |
| Col·lecció: | Colección 100XUNO, 7
|
| Matèries: | |
| Etiquetes: |
Afegir etiqueta
Sense etiquetes, Sigues el primer a etiquetar aquest registre!
|
MARC
| LEADER | 00000cam a2200000 a 4500 | ||
|---|---|---|---|
| 001 | UCC3349 | ||
| 003 | CL-VaPUC | ||
| 008 | 180427e20160000sp |||||||||||||||||spa|d | ||
| 020 | |a 9788490551370 | ||
| 082 | 0 | 4 | |a 261.1 |b GON |2 21 |
| 100 | 0 | |a González de Cardedal, Olegario |e author |9 495813 | |
| 245 | 1 | 0 | |a Ciudadanía y cristianía: una lectura de nuestro tiempo |
| 250 | |a 1a. ed | ||
| 300 | |a 347 p | ||
| 942 | |c BK | ||
| 945 | |d 20180427 13:12:00 |a arojas | ||
| 260 | |a Madrid |b Encuentro |c 2016 | ||
| 650 | 0 | |a Doctrina social de la iglesia |9 257333 | |
| 650 | 0 | |a Ciudadanía |9 258339 | |
| 650 | 0 | |a Problemas sociales |9 258537 | |
| 650 | 0 | |a Iglesia Católica |9 256114 | |
| 583 | |a last modification |c 20180427 13:12:00 |k Rodrigo Vera | ||
| 490 | 0 | |a Colección 100XUNO, 7 | |
| 999 | |c 371099 |d 371097 | ||
| 952 | |0 0 |1 0 |3 erd |4 0 |6 261_100000000000000_GON_2016 |7 0 |8 A |9 487978 |a BIBTEO |b BIBTEO |i 5468426 |o 261.1 GON 2016 |p 5468426 |r 2025-01-17 |w 2019-11-24 |y BK |z Catalogado en:20180427 |k ICR | ||